• 首页
  • 本馆介绍
  • 公告通知
  • 最新文献
  • 馆藏检索
  • 电子资源
  • 读者导购
  • 参考咨询
  • 我的图书馆
  • 登录
  • 详细信息显示
  • 放入我的书架
  • 预约/预借图书
  • 作者相关作品
  • 分类相关作品
  • 丛书相关作品
  • 出版社相关作品

书目信息

  • 表格格式
  • 工作单格式
  • 卡片格式
题名:
杂环化学
    
 
作者: 英J.A.焦耳K.米尔斯 著 ;高大彬 , 由业城 译
分册:  
出版信息: 北京   科学出版社  2004
页数:
开本: 26cm
丛书名:
单 册:
中图分类: O626
科图分类:
主题词: 有机化学
电子资源:
ISBN: 7-03-012736-6
000 00670nam0 2200205 450
001 0754114953
005 20070929150154.95
010    @a7-03-012736-6
100    @a20070929d km y0chiy0120 ea
101 0  @achi
200 1  @a杂环化学@Aza huan hua xue@f[英]J.A.焦耳K.米尔斯 著@F[ying]J.A.jiao er K.mi er si zhu@g由业城,高大彬 等译@Gyou ye cheng,gao da bin deng yi
210    @a北京@c科学出版社@d2004
215    @c插图@d26cm
606 0  @a有机化学
690    @aO626@v3
701  0 @a英J.A.焦耳K.米尔斯@Aying J.A.jiao er K.mi er si@4著
702  0 @a高大彬@Agao da bin@4译
702  0 @a由业城@Ayou ye cheng@4译
801  0 @aCN@bPFT@c20070929
905    @a213230@dO626@eh34@f1
    
    杂环化学/[英]J.A.焦耳K.米尔斯 著/由业城,高大彬 等译.-北京:科学出版社,2004
    插图;26cm
    
    
    ISBN 7-03-012736-6:
    
●
相关链接 在E读中查询图书 在五车中查询图书 在当当中查询图书 在豆瓣中查询图书


正题名:杂环化学     索取号:O626/h34         预约/预借

序号 登录号 条形码 馆藏地/架位号 状态 备注
1 6002496   260024967   密集书库-化学系/ [索取号:O626/h34] 在馆    
2 6002497   260024976   化学系资料室/ [索取号:O626/h34] 在馆    
唐山师范学院图书馆 欢迎您!
大连网信软件有限公司© 版权所有